| 000 | 01246nam2a22002291 4500 | ||
|---|---|---|---|
| 001 | rc\2131504 | ||
| 005 | 20250623062348.0 | ||
| 035 | _a(NLR Aleph) 006626960 | ||
| 090 |
_a7509793 _c7509793 |
||
| 100 | _a20110829d1978 |||y0rusy50 ca | ||
| 101 | 0 | _arus | |
| 102 | _aRU | ||
| 105 | _aa z ||||| | ||
| 200 | 0 | _aРазд. 1-3 | |
| 210 |
_d1978 _aБ. м. |
||
| 215 |
_a96 с. _cил. |
||
| 461 | 0 |
_1001rc\2131503 _12001#$aМашины для обработки почвы и внесения удобрений$eУчеб. пособие для текущего контроля успеваемости студентов$eРазд. 1$fМ-во с. х. СССР. Белорус. с.-х. акад.$vРазд. 1-3 _1700#1$aДемидов$bГ.К.$gГеоргий Куприянович _97509787 _aДемидов, Г.К. _cГорки _d1978 _fМ-во с. х. СССР. Белорус. с.-х. акад. _nБ. и. _oУчеб. пособие для текущего контроля успеваемости студентов : Разд. 1 _tМашины для обработки почвы и внесения удобрений _vРазд. 1-3 |
|
| 801 | 0 |
_aRU _bNLR _gpsbo |
|
| 801 | 1 |
_aRU _bELAR _2rusmarc |
|
| 852 |
_aNLR _j78-6/538 |
||
| 942 | _cBOOK | ||
| 980 | _aNB | ||